000 01064cam a22003257a 4500
003 CHAP
005 20220329133204.0
008 971013s1985 mx r 00010 spa d
010 _a3160
011 _a4132
035 _a3334
040 _cCHAP
090 _aFolleto 13224
110 2 _aMéxico. Subsecretaría Forestal
_977259
245 1 3 _aLa actividad forestal resultados a Julio de 1985
260 _aMéxico, D. F. :
_bLa Subsecretaría,
_c1985
300 _a69 h.
500 _aD48-222
590 _aBATCH-UPD
_b10
_c20130110
_lUCH01
_h2306
590 _aBATCH-UPD
_b10
_c20130410
_lUCH01
_h1558
590 _aBATCH-UPD
_b10
_c20130914
_lUCH01
_h0706
590 _aCONVERSION
_b10
_c20130109
_lUCH01
_h1303
650 1 4 _aBosques
_xAdministración
_zMéxico.
_914040
650 1 4 _aBosques
_xEstadísticas
_xMéxico.
_914149
901 _aBK
942 _cFOLL
949 _aFolleto 13224
_bBC
_cFOLL
_d-12849
_eTS1
_i3334
_mD
_si
949 _aFolleto 13224
_bBC
_cFOLL
_d-77164
_eTS2
_fc.2
_i3334
_mD
_si
949 _aFolleto 13224
_bBC
_cFOLL
_d-77165
_eTS2
_fc.3
_i3334
_mD
_si
999 _c3160
_d3160